[Event "4th GRENKE Open 2019"]
[Site "Karlsruhe"]
[Date "2019.04.20"]
[Round "4.70"]
[White "Kuhn, Hubert"]
[Black "Schmidek, Emil"]
[Result "1/2-1/2"]
[WhiteElo "2029"]
[BlackElo "2393"]
[Annotator "NA"]
[PlyCount "49"]
[EventDate "2019.04.18"]
[EventType "swiss"]
[EventCountry "GER"]
[SourceTitle "playchess.com"]
[Source "ChessBase"]
[SourceQuality "1"]

1. c4 Nf6 2. Nc3 e6 3. e4 d5 4. e5 d4 5. exf6 dxc3 6. bxc3 Qxf6 7. Nf3 c5 8. d4 h6 9. Bd3 Bd6 10. O-O Nc6 11. Rb1 Rb8 12. Be4 O-O 13. Be3 Rd8 14. Qe2 Bd7 15. Rfd1 Na5 16. dxc5 Bc7 17. Bd4 Qe7 18. Ne5 Ba4 19. Re1 Nc6 20. Nxc6 Bxc6 21. Qg4 Qg5 22. Qxg5 hxg5 23. Bc2 Rd7 24. f3 Re8 25. Kf2 1/2-1/2

[Event "4th GRENKE Open 2019"]
[Site "Karlsruhe"]
[Date "2019.04.20"]
[Round "4.71"]
[White "Hoffmann, Lennard"]
[Black "Hacker, Jonas"]
[Result "0-1"]
[WhiteElo "1944"]
[BlackElo "2392"]
[Annotator "NA"]
[PlyCount "72"]
[EventDate "2019.04.18"]
[EventType "swiss"]
[EventCountry "GER"]
[SourceTitle "playchess.com"]
[Source "ChessBase"]
[SourceQuality "1"]

1. e4 e5 2. Nf3 Nc6 3. Bb5 a6 4. Ba4 Nf6 5. O-O Be7 6. d3 b5 7. Bb3 d6 8. c3 O-O 9. Re1 Na5 10. Bc2 c5 11. Nbd2 Nc6 12. Nf1 Re8 13. h3 h6 14. Ng3 Bf8 15. Nh2 d5 16. Qf3 d4 17. Ng4 Nxg4 18. hxg4 Be6 19. Nf5 Rc8 20. g3 dxc3 21. bxc3 b4 22. g5 bxc3 23. gxh6 g6 24. h7+ Kh8 25. Nh6 Bxh6 26. Bxh6 Nd4 27. Qd1 Bg4 28. Qc1 Qf6 29. Be3 Nf3+ 30. Kg2 Nh4+ 31. Kh2 Nf3+ 32. Kg2 Nxe1+ 33. Qxe1 Bf3+ 34. Kf1 c4 35. Ba4 cxd3 36. Bxe8 Qe6 0-1

[Event "4th GRENKE Open 2019"]
[Site "Karlsruhe"]
[Date "2019.04.20"]
[Round "4.74"]
[White "Wild, Achim"]
[Black "Lopez Martinez, Josep Manuel"]
[Result "*"]
[WhiteElo "2253"]
[BlackElo "2578"]
[Annotator "TA"]
[PlyCount "22"]
[EventDate "2019.04.18"]
[EventType "swiss"]
[EventCountry "GER"]
[SourceTitle "playchess.com"]
[Source "ChessBase"]
[SourceQuality "1"]

1. Nf3 e6 2. c4 b6 3. g3 Bb7 4. Bg2 Nf6 5. O-O Be7 6. d4 O-O 7. Nc3 Ne4 8. Bd2 d6 9. Rc1 Nd7 10. Be1 c5 11. b3 Ndf6 *

[Event "4th GRENKE Open 2019"]
[Site "Karlsruhe"]
[Date "2019.04.20"]
[Round "4.78"]
[White "Petermann, Michail"]
[Black "Shyam, Sundar M."]
[Result "0-1"]
[WhiteElo "2251"]
[BlackElo "2519"]
[Annotator "TA"]
[PlyCount "80"]
[EventDate "2019.04.18"]
[EventType "swiss"]
[EventCountry "GER"]
[SourceTitle "playchess.com"]
[Source "ChessBase"]
[SourceQuality "1"]

1. d4 Nf6 2. Nc3 d5 3. Bf4 g6 4. e3 Bg7 5. h4 O-O 6. h5 c5 7. hxg6 hxg6 8. Qd2 Nc6 9. Bh6 Bxh6 10. Rxh6 Kg7 11. Rh1 cxd4 12. exd4 Rh8 13. Rxh8 Qxh8 14. O-O-O Bf5 15. f3 Qh2 16. Nge2 Nb4 17. Qf4 Qxf4+ 18. Nxf4 g5 19. Nd3 Bxd3 20. Bxd3 Rh8 21. Kd2 Rh2 22. Rg1 e6 23. Ne2 g4 24. a3 Nxd3 25. Kxd3 gxf3 26. gxf3+ Kf8 27. b3 b5 28. c3 Ne8 29. Ra1 Rh3 30. Ke3 Nd6 31. a4 Nf5+ 32. Kd2 a6 33. axb5 axb5 34. Rf1 Rh2 35. Kd3 Ke7 36. Nf4 Rb2 37. Re1 Kd6 38. Re2 Rxb3 39. Kc2 Ra3 40. Kb2 b4 0-1

[Event "4th GRENKE Open 2019"]
[Site "Karlsruhe"]
[Date "2019.04.20"]
[Round "4.79"]
[White "Zanan, Evgeny"]
[Black "Humburg, Philipp"]
[Result "*"]
[WhiteElo "2510"]
[BlackElo "2244"]
[Annotator "RC"]
[PlyCount "110"]
[EventDate "2019.04.18"]
[EventType "swiss"]
[EventCountry "GER"]
[SourceTitle "playchess.com"]
[Source "ChessBase"]
[SourceQuality "1"]

1. d4 d5 2. c4 e6 3. Nf3 Nf6 4. g3 Be7 5. Bg2 O-O 6. Qc2 Nbd7 7. O-O c6 8. Nbd2 b6 9. e4 dxc4 10. Nxc4 Bb7 11. Rd1 c5 12. Nfe5 cxd4 13. Rxd4 Qc7 14. Nxd7 Nxd7 15. Qd1 Rad8 16. Be3 Bc5 17. Rd2 Bxe3 18. Nxe3 Nc5 19. Rc1 Qe7 20. f3 h6 21. Rcc2 Qg5 22. Nc4 Ba6 23. f4 Qe7 24. e5 Rxd2 25. Qxd2 Bxc4 26. Rxc4 Rd8 27. Rd4 Rxd4 28. Qxd4 Qc7 29. Bf1 Nd7 30. b4 a5 31. a3 axb4 32. axb4 Nf8 33. Qd6 Qa7 34. Be2 Ng6 35. Qd8+ Nf8 36. Kf2 Qb7 37. h4 Qa7 38. h5 Qb7 39. Qd4 Qc7 40. Qd6 Qb7 41. Qd4 Qc7 42. g4 Qc1 43. Qe3 Qc6 44. Bf3 Qc7 45. Kg3 Qd8 46. Bg2 Kh8 47. Be4 Kg8 48. Qd3 Qc7 49. Qd4 Qc1 50. Bf3 Qc7 51. Qd6 Qa7 52. Qc6 Qb8 53. Kf2 Qa7 54. Kg2 Qa2+ 55. Kg3 Qa7 *

[Event "4th GRENKE Open 2019"]
[Site "Karlsruhe"]
[Date "2019.04.20"]
[Round "4.80"]
[White "Groetzbach, Julian"]
[Black "Prithu Gupta"]
[Result "*"]
[WhiteElo "2250"]
[BlackElo "2478"]
[Annotator "TA"]
[PlyCount "27"]
[EventDate "2019.04.18"]
[EventType "swiss"]
[EventCountry "GER"]
[SourceTitle "playchess.com"]
[Source "ChessBase"]
[SourceQuality "1"]

1. e4 e5 2. Nf3 Nc6 3. Bb5 a6 4. Ba4 Nf6 5. O-O Be7 6. Re1 b5 7. Bb3 d6 8. c3 O-O 9. a4 Bb7 10. d4 Na5 11. Bc2 Nd7 12. Qe2 b4 13. Nbd2 c5 14. b3 *

[Event "4th GRENKE Open 2019"]
[Site "Karlsruhe"]
[Date "2019.04.20"]
[Round "4.81"]
[White "Rossi, Aldo A"]
[Black "Milov, Leonid"]
[Result "0-1"]
[WhiteElo "2249"]
[BlackElo "2474"]
[Annotator "TA"]
[PlyCount "81"]
[EventDate "2019.04.18"]
[EventType "swiss"]
[EventCountry "GER"]
[SourceTitle "playchess.com"]
[Source "ChessBase"]
[SourceQuality "1"]

1. f4 d5 2. Nf3 g6 3. g3 Bg7 4. Bg2 c5 5. d3 Nf6 6. O-O Nc6 7. Qe1 O-O 8. Na3 b6 9. c4 Bb7 10. cxd5 Nxd5 11. Nc2 Qd7 12. Rb1 Rac8 13. Bd2 Nd4 14. Ncxd4 cxd4 15. Ne5 Qe6 16. Nc4 b5 17. Na3 Bc6 18. Nc2 Ne3 19. Nxe3 dxe3 20. Bc3 Bxg2 21. Kxg2 Qxa2 22. Kf3 a5 23. Kxe3 b4 24. Bxg7 Kxg7 25. Qd2 Rc5 26. Ra1 Qe6+ 27. Kf2 Rh5 28. Kg1 Rc8 29. Rfc1 Qb6+ 30. d4 Rxc1+ 31. Rxc1 a4 32. Rc4 Rb5 33. Qe3 Qa7 34. Rc5 Rxc5 35. dxc5 a3 36. bxa3 bxa3 37. Qc3+ f6 38. Kf1 a2 39. Qa1 Qa3 40. c6 Qb3 41. Qd1 0-1

[Event "4th GRENKE Open 2019"]
[Site "Karlsruhe"]
[Date "2019.04.20"]
[Round "4.83"]
[White "Schmitzer, Klaus"]
[Black "Vrolijk, Liam"]
[Result "0-1"]
[WhiteElo "2245"]
[BlackElo "2465"]
[Annotator "TA"]
[PlyCount "112"]
[EventDate "2019.04.18"]
[EventType "swiss"]
[EventCountry "GER"]
[SourceTitle "playchess.com"]
[Source "ChessBase"]
[SourceQuality "1"]

1. e4 e6 2. d4 d5 3. Nd2 c5 4. exd5 Qxd5 5. Ngf3 cxd4 6. Bc4 Qd7 7. Nb3 Nc6 8. Nbxd4 Nxd4 9. Qxd4 Qxd4 10. Nxd4 Bd7 11. O-O Nf6 12. Bf4 Rc8 13. Be2 Bc5 14. c3 Nd5 15. Bc1 Bxd4 16. cxd4 Ke7 17. b3 Kf6 18. h4 h6 19. Bc4 Bc6 20. Bd2 g5 21. hxg5+ hxg5 22. f3 Rh4 23. Bxd5 Bxd5 24. Rac1 Rch8 25. Be3 Kg6 26. Kf2 g4 27. Rg1 Kf5 28. Rc7 R8h7 29. Rd7 Rh2 30. fxg4+ Kxg4 31. Bd2 Kf5 32. Bb4 Rg7 33. Bd6 Rhxg2+ 34. Rxg2 Rxg2+ 35. Ke3 f6 36. Rf7 Kg6 37. Rf8 Rxa2 38. Be7 Bxb3 39. Rxf6+ Kg7 40. Rf2 Rxf2 41. Kxf2 Kf7 42. Bc5 b6 43. Bd6 Ke8 44. Ke3 Kd7 45. Bb8 Kc6 46. Kd3 a5 47. Kc3 Bd5 48. Kb2 b5 49. Ka3 b4+ 50. Ka4 Kb6 51. Bf4 Bc6+ 52. Kb3 Kb5 53. Bd6 a4+ 54. Kc2 a3 55. Bf4 Ka4 56. Kb1 Be4+ 0-1

[Event "4th GRENKE Open 2019"]
[Site "Karlsruhe"]
[Date "2019.04.20"]
[Round "4.84"]
[White "Ristoja, Samu"]
[Black "Krause, Benedict"]
[Result "0-1"]
[WhiteElo "2239"]
[BlackElo "2435"]
[Annotator "NA"]
[PlyCount "68"]
[EventDate "2019.04.18"]
[EventType "swiss"]
[EventCountry "GER"]
[SourceTitle "playchess.com"]
[Source "ChessBase"]
[SourceQuality "1"]

1. e4 c5 2. Nf3 e6 3. d4 cxd4 4. Nxd4 Nc6 5. c4 Nf6 6. Nc3 Bb4 7. Nxc6 bxc6 8. Bd3 e5 9. O-O Bc5 10. Ne2 O-O 11. Ng3 d6 12. Qe1 Ng4 13. h3 Qh4 14. Nh1 Nf6 15. Be3 Bxh3 16. Bxc5 Be6 17. Bxd6 Ng4 18. Bxe5 Nxe5 19. Qe3 Bxc4 20. Bxc4 Nxc4 21. Qd4 Nb6 22. Ng3 g6 23. Rfc1 Rad8 24. Qe3 Rd6 25. a4 Rfd8 26. a5 Rd3 27. Qc5 Nd7 28. Qxa7 Ne5 29. Rc3 Ng4 30. Nf1 R8d4 31. Qb8+ Kg7 32. Rc2 Rd1 33. Rxd1 Rxd1 34. f3 Qh1+ 0-1

[Event "4th GRENKE Open 2019"]
[Site "Karlsruhe"]
[Date "2019.04.20"]
[Round "4.85"]
[White "Ackermann, Hans Werner"]
[Black "Carlstedt, Jonathan"]
[Result "0-1"]
[WhiteElo "2237"]
[BlackElo "2433"]
[Annotator "NA"]
[PlyCount "78"]
[EventDate "2019.04.18"]
[EventType "swiss"]
[EventCountry "GER"]
[SourceTitle "playchess.com"]
[Source "ChessBase"]
[SourceQuality "1"]

1. Nf3 d5 2. b3 Bg4 3. e3 Nd7 4. h3 Bxf3 5. Qxf3 Ngf6 6. Bb2 e5 7. Nc3 c6 8. g3 Bd6 9. Bg2 h5 10. a4 Qe7 11. Qe2 Nc5 12. b4 Ne6 13. Na2 h4 14. g4 e4 15. Rb1 Nd7 16. b5 Ne5 17. Bxe5 Bxe5 18. bxc6 bxc6 19. Qa6 Qd6 20. O-O O-O 21. d4 Bf6 22. Rb3 Bd8 23. Rfb1 Bc7 24. Nb4 Nd8 25. c4 f5 26. g5 Qh2+ 27. Kf1 f4 28. exf4 Qxf4 29. R3b2 Rb8 30. Rc2 Rb6 31. Qxa7 Ne6 32. a5 Nxd4 33. axb6 Nxc2 34. bxc7 Ne3+ 35. Qxe3 Qxe3 36. Kg1 Qxf2+ 37. Kh1 Qb6 38. cxd5 c5 39. d6 Qxd6 0-1

[Event "4th GRENKE Open 2019"]
[Site "Karlsruhe"]
[Date "2019.04.20"]
[Round "4.86"]
[White "Suvorov, Luca"]
[Black "Barp, Alberto"]
[Result "1/2-1/2"]
[WhiteElo "2236"]
[BlackElo "2424"]
[Annotator "NA"]
[PlyCount "82"]
[EventDate "2019.04.18"]
[EventType "swiss"]
[EventCountry "GER"]
[SourceTitle "playchess.com"]
[Source "ChessBase"]
[SourceQuality "1"]

1. d4 d5 2. c4 e6 3. Nc3 Nf6 4. cxd5 Nxd5 5. e4 Nxc3 6. bxc3 c5 7. Nf3 cxd4 8. cxd4 Bb4+ 9. Bd2 Bxd2+ 10. Qxd2 O-O 11. Bc4 Nd7 12. O-O b6 13. Rad1 Bb7 14. Rfe1 Rc8 15. Bb3 Qf6 16. Qe3 Rfd8 17. d5 Rc3 18. Qd4 Rxf3 19. dxe6 Qxd4 20. Rxd4 Rxb3 21. axb3 fxe6 22. Ra1 a5 23. Rad1 Bc6 24. Rd6 Rc8 25. f3 Nc5 26. Rd8+ Rxd8 27. Rxd8+ Kf7 28. Rd6 Bd7 29. Rxb6 e5 30. b4 axb4 31. Rxb4 g5 32. Rb6 g4 33. Rh6 Kg7 34. Rd6 gxf3 35. gxf3 Be8 36. Rd5 Nd7 37. Ra5 Bf7 38. Kf2 Kf6 39. Ke3 Nf8 40. f4 exf4+ 41. Kxf4 Ng6+ 1/2-1/2

[Event "4th GRENKE Open 2019"]
[Site "Karlsruhe"]
[Date "2019.04.20"]
[Round "4.87"]
[White "Wilhelm, Till"]
[Black "Jerez Perez, Alfonso"]
[Result "1/2-1/2"]
[WhiteElo "2234"]
[BlackElo "2413"]
[Annotator "NA"]
[PlyCount "57"]
[EventDate "2019.04.18"]
[EventType "swiss"]
[EventCountry "GER"]
[SourceTitle "playchess.com"]
[Source "ChessBase"]
[SourceQuality "1"]

1. Nf3 Nf6 2. g3 g6 3. Bg2 Bg7 4. O-O O-O 5. d4 d5 6. c4 dxc4 7. Na3 Nc6 8. Nxc4 Be6 9. b3 Bd5 10. Bb2 a5 11. Rc1 a4 12. bxa4 Ra6 13. a3 Qa8 14. Ne3 Be4 15. d5 Rd8 16. Bxf6 Bxf6 17. Nd2 Bxg2 18. Kxg2 Ne5 19. Rxc7 Rxa4 20. Qb3 Rxa3 21. Qxb7 Qxb7 22. Rxb7 Bg5 23. Nb1 Rxe3 24. fxe3 Ng4 25. Rf3 Nxe3+ 26. Kf2 Ng4+ 27. Kg2 Ne3+ 28. Kf2 Ng4+ 29. Kg2 1/2-1/2

[Event "4th GRENKE Open 2019"]
[Site "Karlsruhe"]
[Date "2019.04.20"]
[Round "4.88"]
[White "Benkovic, Petar"]
[Black "Heimrath, Reiner"]
[Result "1-0"]
[WhiteElo "2405"]
[BlackElo "2232"]
[Annotator "NA"]
[PlyCount "36"]
[EventDate "2019.04.18"]
[EventType "swiss"]
[EventCountry "GER"]
[SourceTitle "playchess.com"]
[Source "ChessBase"]
[SourceQuality "1"]

1. Nf3 Nf6 2. g3 g6 3. b3 Bg7 4. Bb2 O-O 5. Bg2 c5 6. c4 d6 7. d4 Na6 8. O-O Rb8 9. Nc3 Bd7 10. Qd2 Qc8 11. Rac1 Qc6 12. dxc5 dxc5 13. Ne4 Bg4 14. Ne5 Rbe8 15. Rfd1 h6 16. Nf3 Qe6 17. a3 g5 18. Qc2 Rd8 1-0

[Event "4th GRENKE Open 2019"]
[Site "Karlsruhe"]
[Date "2019.04.20"]
[Round "4.89"]
[White "Sieglen, Joachim"]
[Black "Saraci, Nderim"]
[Result "1-0"]
[WhiteElo "2233"]
[BlackElo "2397"]
[Annotator "NA"]
[PlyCount "84"]
[EventDate "2019.04.18"]
[EventType "swiss"]
[EventCountry "GER"]
[SourceTitle "playchess.com"]
[Source "ChessBase"]
[SourceQuality "1"]

1. d4 Nf6 2. c4 g6 3. Nc3 Bg7 4. e4 d6 5. Nf3 O-O 6. Be2 c5 7. d5 b5 8. cxb5 a6 9. b6 Nbd7 10. Nd2 Nxb6 11. a4 a5 12. O-O Ne8 13. Nc4 Nxc4 14. Bxc4 Nc7 15. Bd2 Na6 16. Rc1 Rb8 17. b3 Nb4 18. Bg5 Ba6 19. Qd2 Qd7 20. Nb5 f5 21. Rfe1 Rf7 22. exf5 Qxf5 23. Bxe7 Bxb5 24. axb5 Bd4 25. Bh4 Kh8 26. Re6 Rbf8 27. Rce1 Qh5 28. Bg3 a4 29. bxa4 Rxf2 30. Bxf2 Rxf2 31. Re8+ Kg7 32. R1e7+ Kf6 33. Rf8+ Kxe7 34. Rxf2 Bxf2+ 35. Qxf2 Qd1+ 36. Qf1 Qd4+ 37. Kh1 Nxd5 38. a5 Ne3 39. Qf7+ Kd8 40. Qg8+ Kd7 41. Be6+ Ke7 42. Bc4 Qa1+ 1-0

[Event "4th GRENKE Open 2019"]
[Site "Karlsruhe"]
[Date "2019.04.20"]
[Round "4.90"]
[White "Wenninger, Philipp"]
[Black "Hinrichs, Lars"]
[Result "1/2-1/2"]
[WhiteElo "2391"]
[BlackElo "2232"]
[Annotator "NA"]
[PlyCount "24"]
[EventDate "2019.04.18"]
[EventType "swiss"]
[EventCountry "GER"]
[SourceTitle "playchess.com"]
[Source "ChessBase"]
[SourceQuality "1"]

1. d4 Nf6 2. Bg5 e6 3. Nf3 c5 4. c3 d5 5. e3 h6 6. Bh4 Be7 7. Nbd2 O-O 8. Bd3 b6 9. O-O Bb7 10. Qe2 Ne4 11. Bxe7 Qxe7 12. Rfd1 Nd7 1/2-1/2

[Event "4th GRENKE Open 2019"]
[Site "Karlsruhe"]
[Date "2019.04.20"]
[Round "4.95"]
[White "Goumas, Georgios"]
[Black "Jeitz, Christian"]
[Result "1/2-1/2"]
[WhiteElo "2386"]
[BlackElo "2222"]
[Annotator "NA"]
[PlyCount "63"]
[EventDate "2019.04.18"]
[EventType "swiss"]
[EventCountry "GER"]
[SourceTitle "playchess.com"]
[Source "ChessBase"]
[SourceQuality "1"]

1. e4 c5 2. Nf3 Nc6 3. d4 cxd4 4. Nxd4 e6 5. Nc3 a6 6. Nxc6 bxc6 7. Bd3 d5 8. O-O Nf6 9. Qf3 Be7 10. Qg3 g6 11. Re1 O-O 12. Bh6 Re8 13. Rad1 Nd7 14. Na4 Bb7 15. c4 d4 16. e5 c5 17. b3 Qc7 18. f4 Bf8 19. Bxf8 Kxf8 20. h4 Bc6 21. Nb2 h5 22. Bc2 Kg7 23. Re2 a5 24. a4 Nf8 25. Nd3 Qe7 26. Rf1 Kh7 27. Qh3 Nd7 28. Kf2 Kg7 29. Ke1 Rab8 30. Rg1 Rh8 31. Kd2 Kf8 32. Rf2 1/2-1/2

[Event "4th GRENKE Open 2019"]
[Site "Karlsruhe"]
[Date "2019.04.20"]
[Round "4.96"]
[White "Kosakowski, Jakub"]
[Black "Rahul Kumar, Pune"]
[Result "1-0"]
[WhiteElo "2381"]
[BlackElo "2216"]
[Annotator "NA"]
[PlyCount "79"]
[EventDate "2019.04.18"]
[EventType "swiss"]
[EventCountry "GER"]
[SourceTitle "playchess.com"]
[Source "ChessBase"]
[SourceQuality "1"]

1. e4 c5 2. Nf3 g6 3. d4 cxd4 4. Qxd4 Nf6 5. Nc3 Nc6 6. Qa4 h5 7. Bf4 Bg7 8. h3 d6 9. e5 dxe5 10. Nxe5 O-O 11. Nxc6 bxc6 12. Qxc6 Bf5 13. Rd1 Qa5 14. Qb5 Qxb5 15. Bxb5 Bxc2 16. Rd2 Bf5 17. O-O Rad8 18. Rfd1 Rxd2 19. Rxd2 Ne4 20. Nxe4 Bxe4 21. Rd7 a5 22. Rxe7 Bb1 23. Bc4 Bf5 24. b3 Bb1 25. a4 Bf6 26. Ra7 Bd4 27. Rd7 Bg7 28. Bd6 Bf5 29. Rc7 Rd8 30. Rxf7 Kh8 31. Bf4 Rd4 32. Bc7 h4 33. Re7 Rd1+ 34. Kh2 Rd2 35. f3 Bc2 36. Bxa5 Rd1 37. Bc7 Rb1 38. Be5 Bxe5+ 39. Rxe5 Bxb3 40. Rb5 1-0

[Event "4th GRENKE Open 2019"]
[Site "Karlsruhe"]
[Date "2019.04.20"]
[Round "4.97"]
[White "Damia, Angelo"]
[Black "Grigorian, Spartak"]
[Result "1/2-1/2"]
[WhiteElo "2215"]
[BlackElo "2384"]
[Annotator "NA"]
[PlyCount "79"]
[EventDate "2019.04.18"]
[EventType "swiss"]
[EventCountry "GER"]
[SourceTitle "playchess.com"]
[Source "ChessBase"]
[SourceQuality "1"]

1. e4 c5 2. Nf3 Nc6 3. d4 cxd4 4. Nxd4 Nf6 5. Nc3 d6 6. Bg5 e6 7. Qd2 Qb6 8. O-O-O Qxd4 9. Qxd4 Nxd4 10. Rxd4 a6 11. f3 Bd7 12. Bc4 Rc8 13. Bb3 Be7 14. Bh4 Kf8 15. Rhd1 Bc6 16. Bg3 Ne8 17. Kb1 g5 18. a4 h5 19. Na2 h4 20. Be1 Bf6 21. R4d3 Ke7 22. Bc3 g4 23. Nb4 gxf3 24. gxf3 Rg8 25. Bxf6+ Kxf6 26. Nxc6 Rxc6 27. f4 Ke7 28. a5 b5 29. e5 Rg4 30. Rd4 f6 31. exf6+ Kxf6 32. Re1 Ng7 33. h3 Rg3 34. f5 Rxb3 35. cxb3 Nxf5 36. Rg4 d5 37. Rf1 Ke5 38. Re1+ Kf6 39. Rf1 Ke5 40. Re1+ 1/2-1/2

[Event "4th GRENKE Open 2019"]
[Site "Karlsruhe"]
[Date "2019.04.20"]
[Round "4.98"]
[White "Zeller, Frank"]
[Black "Shyam Prasad Reddy K"]
[Result "0-1"]
[WhiteElo "2377"]
[BlackElo "2215"]
[Annotator "NA"]
[PlyCount "56"]
[EventDate "2019.04.18"]
[EventType "swiss"]
[EventCountry "GER"]
[SourceTitle "playchess.com"]
[Source "ChessBase"]
[SourceQuality "1"]

1. d4 Nf6 2. c4 g6 3. f3 d5 4. cxd5 Nxd5 5. e4 Nb6 6. Be3 Bg7 7. Nc3 O-O 8. Qd2 Nc6 9. O-O-O Qd6 10. Nb5 Qd7 11. h4 a6 12. Nc3 Rd8 13. h5 Na5 14. hxg6 hxg6 15. Qf2 Nac4 16. Bg5 Qc6 17. Qh4 Nxb2 18. Qh7+ Kf8 19. Bh6 Qxc3+ 20. Kb1 Ke8 21. Rc1 Qb4 22. Bd2 Qxd2 23. Qxg7 Nd3 24. Rh8+ Kd7 25. Bxd3 Qxd3+ 26. Ka1 Rxh8 27. Qxh8 Nc4 28. Nh3 f6 0-1

[Event "4th GRENKE Open 2019"]
[Site "Karlsruhe"]
[Date "2019.04.20"]
[Round "4.99"]
[White "Mueer, Sebastian"]
[Black "Colpe, Malte"]
[Result "0-1"]
[WhiteElo "2213"]
[BlackElo "2374"]
[Annotator "NA"]
[PlyCount "75"]
[EventDate "2019.04.18"]
[EventType "swiss"]
[EventCountry "GER"]
[SourceTitle "playchess.com"]
[Source "ChessBase"]
[SourceQuality "1"]

1. d4 Nf6 2. Nf3 d5 3. Bf4 e6 4. e3 Bd6 5. Nbd2 Bxf4 6. exf4 c5 7. dxc5 Qc7 8. Ne5 Nbd7 9. Ndf3 Nxc5 10. Bb5+ Bd7 11. Be2 Qb6 12. Nxd7 Ncxd7 13. Qd4 Rc8 14. Qxb6 Nxb6 15. Nd4 a6 16. c3 Na4 17. Rb1 Ne4 18. g4 Ke7 19. h4 h5 20. gxh5 Nf6 21. f5 e5 22. Nf3 Kd6 23. Ng5 Rc7 24. c4 dxc4 25. Bxc4 Rf8 26. Be2 Rc2 27. Rh3 b5 28. Rd3+ Ke7 29. Bd1 Rc5 30. Re3 Nb6 31. b4 Rc4 32. Nf3 Nfd5 33. Rxe5+ Kf6 34. Re2 Nc3 35. Rb3 Nxe2 36. Bxe2 Re8 37. Kd2 Rd8+ 38. Ke1 0-1

[Event "4th GRENKE Open 2019"]
[Site "Karlsruhe"]
[Date "2019.04.20"]
[Round "4.100"]
[White "Chekletsov, Ilya"]
[Black "Hansch, Stephan"]
[Result "1-0"]
[WhiteElo "2373"]
[BlackElo "2210"]
[Annotator "NA"]
[PlyCount "53"]
[EventDate "2019.04.18"]
[EventType "swiss"]
[EventCountry "GER"]
[SourceTitle "playchess.com"]
[Source "ChessBase"]
[SourceQuality "1"]

1. d4 d5 2. c4 e6 3. Nf3 Nf6 4. g3 Be7 5. Bg2 O-O 6. O-O dxc4 7. Qc2 a6 8. a4 Nbd7 9. Nbd2 c5 10. dxc5 Bxc5 11. Nxc4 Qe7 12. a5 Nd5 13. Bg5 f6 14. Bd2 b5 15. axb6 N7xb6 16. b4 Bxb4 17. Nxb6 Nxb6 18. Nd4 Bxd2 19. Bxa8 Nxa8 20. Qxd2 Nc7 21. Rfc1 Nd5 22. e4 Qb4 23. Qxb4 Nxb4 24. Ra3 e5 25. Rc4 exd4 26. Rxb4 Rd8 27. Rd3 1-0

[Event "4th GRENKE Open 2019"]
[Site "Karlsruhe"]
[Date "2019.04.20"]
[Round "4.101"]
[White "Lenaerts, Lennert"]
[Black "Brandt, Sebastian"]
[Result "0-1"]
[WhiteElo "2370"]
[BlackElo "2208"]
[Annotator "NA"]
[PlyCount "64"]
[EventDate "2019.04.18"]
[EventType "swiss"]
[EventCountry "GER"]
[SourceTitle "playchess.com"]
[Source "ChessBase"]
[SourceQuality "1"]

1. d4 d5 2. c4 e6 3. Nc3 Bb4 4. cxd5 exd5 5. Bf4 Nf6 6. e3 c6 7. Bd3 Nbd7 8. Nge2 Nh5 9. h3 Nxf4 10. Nxf4 Nf6 11. O-O Bd6 12. Rc1 g5 13. Nh5 g4 14. Nxf6+ Qxf6 15. hxg4 Rg8 16. f4 Bxg4 17. Be2 Bh3 18. Bf3 Rg6 19. Qb3 Rb8 20. Qa4 Kf8 21. Qxa7 Kg8 22. Rc2 Kh8 23. Rff2 Qh4 24. Kf1 Bf5 25. Rcd2 Re8 26. Nd1 Bb4 27. Ke2 Rge6 28. Rd3 Bxd3+ 29. Kxd3 Rxe3+ 30. Kc2 R3e7 31. Qb6 Be1 32. Rf1 Qxf4 0-1

[Event "4th GRENKE Open 2019"]
[Site "Karlsruhe"]
[Date "2019.04.20"]
[Round "4.102"]
[White "Alvarez Serrano, Carlos"]
[Black "Miedema, David"]
[Result "0-1"]
[WhiteElo "2200"]
[BlackElo "2369"]
[Annotator "NA"]
[PlyCount "88"]
[EventDate "2019.04.18"]
[EventType "swiss"]
[EventCountry "GER"]
[SourceTitle "playchess.com"]
[Source "ChessBase"]
[SourceQuality "1"]

1. d4 Nf6 2. c4 e6 3. g3 d5 4. Nf3 dxc4 5. Bg2 Nc6 6. Qa4 Bb4+ 7. Bd2 Nd5 8. Qb5 Bxd2+ 9. Nbxd2 c3 10. bxc3 Nxc3 11. Qd3 Nd5 12. O-O O-O 13. Rfc1 Nce7 14. e4 Nb4 15. Qc3 Na6 16. Bf1 b6 17. Bxa6 Bxa6 18. Qxc7 f5 19. Qe5 Rf6 20. Nh4 Bb7 21. d5 Rc8 22. Rxc8 Bxc8 23. Qb8 exd5 24. Nxf5 Nc6 25. Qa8 Bxf5 26. Qxd8+ Nxd8 27. exf5 Rxf5 28. Nb3 Ne6 29. Rc1 d4 30. Rc6 Kf7 31. Rd6 Ke7 32. Nxd4 Re5 33. Rxe6+ Rxe6 34. Nxe6 Kxe6 35. Kg2 Ke5 36. Kf3 Kd4 37. Kf4 b5 38. Kf5 b4 39. Ke6 a5 40. f4 a4 41. f5 b3 42. axb3 axb3 43. Kf7 b2 44. Kxg7 b1=Q 0-1

[Event "4th GRENKE Open 2019"]
[Site "Karlsruhe"]
[Date "2019.04.20"]
[Round "4.103"]
[White "Kramer, Julian"]
[Black "Prill, Daniel"]
[Result "1-0"]
[WhiteElo "2369"]
[BlackElo "2205"]
[Annotator "NA"]
[PlyCount "79"]
[EventDate "2019.04.18"]
[EventType "swiss"]
[EventCountry "GER"]
[SourceTitle "playchess.com"]
[Source "ChessBase"]
[SourceQuality "1"]

1. e4 c6 2. Nc3 d5 3. Nf3 dxe4 4. Nxe4 Bg4 5. h3 Bxf3 6. Qxf3 Nd7 7. Ng5 Ngf6 8. d4 h6 9. Ne4 Nxe4 10. Qxe4 Nf6 11. Qd3 e6 12. Be2 Bd6 13. O-O O-O 14. Rd1 Qc7 15. Qf3 Qe7 16. g3 Rad8 17. c3 Rfe8 18. Bf1 Nh7 19. Be3 a6 20. h4 Nf6 21. Re1 Nd5 22. Bd2 Qc7 23. c4 Bb4 24. cxd5 Bxd2 25. Re2 Bb4 26. Qb3 Bd6 27. dxe6 fxe6 28. Rae1 Kh8 29. Rxe6 Rf8 30. Qe3 Qf7 31. Bd3 c5 32. Re2 cxd4 33. Qe4 Qg8 34. Qxb7 Rf6 35. Rxf6 gxf6 36. Qxa6 Qg7 37. Qc6 Be5 38. Qe4 Rg8 39. a4 Qc7 40. Rc2 1-0

[Event "4th GRENKE Open 2019"]
[Site "Karlsruhe"]
[Date "2019.04.20"]
[Round "4.104"]
[White "Zolfagharian, Kevin"]
[Black "Petrov, Vladimir Sergeev"]
[Result "1-0"]
[WhiteElo "2192"]
[BlackElo "2368"]
[Annotator "NA"]
[PlyCount "75"]
[EventDate "2019.04.18"]
[EventType "swiss"]
[EventCountry "GER"]
[SourceTitle "playchess.com"]
[Source "ChessBase"]
[SourceQuality "1"]

1. e4 c5 2. Nf3 d6 3. d4 cxd4 4. Nxd4 Nf6 5. Nc3 a6 6. Bg5 Nbd7 7. Qe2 h6 8. Bh4 g6 9. f4 e5 10. Nf3 Qc7 11. O-O-O b5 12. fxe5 dxe5 13. Bxf6 Nxf6 14. Nd5 Nxd5 15. exd5 Bd6 16. Nd2 f5 17. g4 O-O 18. gxf5 Bxf5 19. Ne4 Rac8 20. Rg1 Kh7 21. Rg3 Qa5 22. Bh3 Qb6 23. Bxf5 Rxf5 24. Rxg6 Kxg6 25. Qg4+ Rg5 26. Nxg5 Rxc2+ 27. Kxc2 hxg5 28. Qe6+ Kh5 29. Qf7+ Kh4 30. Qh7+ Kg4 31. h3+ Kg3 32. Rd3+ Kh2 33. Rd2+ Kg3 34. Qd3+ Kf4 35. Qf1+ Ke4 36. Rd3 Qc5+ 37. Kb1 g4 38. hxg4 1-0